000
00233nam a2200085Ia 4500
008
220204s9999 xx 000 0 und d
245
0
_a
Conference on recent advances in fluorocarbon polymers
260
_a
Pennsylvania
_c
1976
942
_c
BK
999
_c
43512
_d
43512